| 000 | 02028nam a22004331i 4500 | ||
|---|---|---|---|
| 001 | 20789990 | ||
| 003 | EG-ScBUE | ||
| 005 | 20230302042247.0 | ||
| 008 | 181219t2021 paua f d 001 0 eng d | ||
| 020 | _a9781975170493 | ||
| 020 | _a1975170490 | ||
| 035 | _a(DNLM)101738866 | ||
| 040 |
_aDNLM/DLC _beng _erda _cDLC _dEG-ScBUE |
||
| 082 | 0 | 4 |
_a610.730698 _222 _bCAR |
| 100 | 1 |
_aCarter, Pamela J., _eauthor. |
|
| 245 | 1 | 0 |
_aLippincott essentials for nursing assistants : _ba humanistic approach to caregiving / _cPamela J. Carter, RN, BSN, MED, CNOR, Davis Hospital and Medical Center, Layton, Utah. |
| 250 | _aFifth edition. | ||
| 250 | _aInternational edition. | ||
| 264 | 1 |
_aPhiladelphia : _bWolters Kluwer, _c[2021] |
|
| 264 | 4 | _cc2021 | |
| 300 |
_axxxii, 752 pages : _bcolor illustrations ; _c30 cm |
||
| 336 |
_atext _2rdacontent _btxt |
||
| 337 |
_aunmediated _2rdamedia _bn |
||
| 338 |
_avolume _2rdacarrier _bnc |
||
| 500 | _aIncludes index. | ||
| 500 | _aIncludes glossary. | ||
| 500 | _aIncludes appendix. | ||
| 500 | _aPreceded by Lippincott's advanced skills for nursing assistants / Pamela J. Carter, Amy J. Stegen. c2010. | ||
| 505 | 0 | _aWorking in an advanced care setting -- Sterile technique -- Advanced wound care skills -- Advanced urinary care skills -- Advanced nutrition skills -- Advanced respiratory care skills -- Advanced vascular access skills -- Advanced cardiovascular monitoring skills -- Care of the rehabilitation patient -- Care of the surgical patient -- Care of the pediatric patient -- Care of the obstetric patient -- Care of the psychiatric patient -- Introduction to medication administration -- Common Medications. | |
| 650 | 7 |
_aNursing Assistants. _2BUEsh |
|
| 650 | 7 |
_aCritical Care Nursing _xmethods. _2BUEsh |
|
| 650 | 7 |
_aNursing Care _xmethods. _2BUEsh |
|
| 650 | 7 |
_aInservice Training. _2BUEsh |
|
| 653 |
_bNNUR _cMarch2023 |
||
| 655 | _vReading book | ||
| 906 |
_a7 _bcbc _corignew _d1 _eecip _f20 _gy-gencatlg |
||
| 942 |
_2ddc _cBB |
||
| 999 |
_c30178 _d30149 |
||